000 01473nam0a2200337 4500
001 RU\NLR\bibl\538922
005 20230908094850.0
010 _a5-352-00795-2
_95000
021 _aRU
_b2004-33542
_91683
035 _a(NLR Aleph) 000531179
090 _a1354100
_c1354100
100 _a20040709d2004 u y0rusy50 ca
101 1 _arus
_cchi
102 _aRU
105 _aa |||||||||
200 1 _aДело жадного варвара
_e[Роман]
_fХольм ван Зайчик
_g[Пер. с кит. Е.И. Худенькова, Э. Выхристюк
_gХудож. Антон Ломаев]
210 _aСПб.
_cАзбука-классика
_d2004
215 _a251, [3] с.
_cил.
_d18
311 _aЦикл романов "Плохих людей нет" (Евразийская симфония)
320 _aБиблиогр. в конце кн.
488 0 _12001#$aПлохих людей нет (Евразийская симфония)
_tПлохих людей нет (Евразийская симфония)
686 _aШ6(2=Р)75-446
700 1 _4070
_7ca
_8rus
_aЗайчик
_bХ. ван
_gХольм ван
_9121323
_3RU\NLR\auth\7711581
702 1 _4730
_7ca
_8rus
_aХуденьков
_bЕ. И.
_f1964-
_gЕвстафий Иоильевич
_9252432
_3RU\NLR\AUTH\770252488
801 0 _aRU
_bNLR
_c20040709
_gPSBO
801 1 _aRU
_bNLR
_c20040709
942 _cBOOK
980 _aNB